LIBRARY ONLINE CATALOGUE

Guidelines for ethical conduct of biomedical research involving human subjects in Kenya / (Record no. 13107)

MARC details
000 -LEADER
fixed length control field 00639nam a22001932 4500
001 - CONTROL NUMBER
control field 0000008318
005 - DATE AND TIME OF LATEST TRANSACTION
control field 20151217155835.0
008 - FIXED-LENGTH DATA ELEMENTS--GENERAL INFORMATION
fixed length control field 080304s xx 000 0 eng d
020 ## - INTERNATIONAL STANDARD BOOK NUMBER
Terms of availability KES
040 ## - CATALOGING SOURCE
Original cataloging agency KABU
Transcribing agency KABU
110 2# - MAIN ENTRY--CORPORATE NAME
Corporate name or jurisdiction name as entry element Kenya.
Subordinate unit National Council for Science and Technology.
-- 0000158856
245 10 - TITLE STATEMENT
Title Guidelines for ethical conduct of biomedical research involving human subjects in Kenya /
Statement of responsibility, etc. NCST.
260 ## - PUBLICATION, DISTRIBUTION, ETC. (IMPRINT)
Place of publication, distribution, etc. Nairobi :
Name of publisher, distributor, etc. NCST,
Date of publication, distribution, etc. 2004.
300 ## - PHYSICAL DESCRIPTION
Extent 19 p.
650 #0 - SUBJECT ADDED ENTRY--TOPICAL TERM
Topical term or geographic name as entry element Human experimentation in medicine
Geographic subdivision Kenya.
-- 0000158894
908 ## - PUT COMMAND PARAMETER (RLIN)
Put command parameter 080304
950 ## - LOCAL HOLDINGS (RLIN)
-- 1
Holdings
Withdrawn status Lost status Source of classification or shelving scheme Not for loan Home library Current library Date acquired Total Checkouts Full call number Barcode Date last seen Price effective from Koha item type
    Library of Congress Classification   Kabarak, Main Campus Kabarak, Main Campus 17/12/2015   R853 .H8K4K46 012735 17/12/2015 17/12/2015 Africana Collection